000
00248nam a2200109Ia 4500
008
190912s9999||||xx |||||||||||||| ||und||
100
_a
Woehlke,Elmore
245
0
_a
Basic statistics
260
_a
USA
_b
Education
_c
1997
300
_a
242
942
_c
BK
999
_c
7695
_d
7695